Statistieken voor "Niet Reizen"-landen voor Nederlanders

Klik hier om de quiz te nemen!

Algemene statistieken

  • Deze quiz is 885 keer genomen
  • De gemiddelde score is 36 van 58

Antwoordstatistieken

TypeRode GebiedenLand% Correct
Vooral oranjeDe Kaukasus, de grens met OekraïneRusland
91%
Volledig roodAllesIran
85%
Vooral roodAlles behalve KoerdistanIrak
84%
Volledig roodAllesNoord-Korea
83%
Volledig roodAllesOekraïne
82%
Volledig roodAllesSyrië
82%
Volledig roodAllesAfghanistan
80%
Vooral oranjeHet oostenDemocratische Republiek Congo
78%
Volledig roodAllesSoedan
78%
Vooral oranjeHet westen, de grens met IndiaPakistan
76%
Vooral geelGrenzen met Syrië, Libanon, GazastrookIsraël
75%
Vooral roodHet noorden, oosten, grenzen met Burkina Faso en
Nigeria (deels)
Niger
75%
Vooral geelDe grens met MauritaniëMarokko
72%
Volledig roodAllesZuid-Soedan
72%
Vooral oranjeDelen van Sinaï, grenzen met Libië en Soedan (deels)Egypte
71%
Vooral oranjeHet noorden, de Nigerdelta, grenzen met Kameroen,
Niger, Benin (deels)
Nigeria
71%
Volledig roodAllesJemen
70%
Vooral geelGrens met Pakistan, delen van KasjmirIndia
69%
Vooral roodAlles behalve de steden Hargeysa en BerberaSomalië
69%
Volledig roodAllesLibië
68%
Vooral geelTwee vulkanenMexico
68%
Vooral geelDelen van het zuiden en oosten, kleine kustgebiedenAlgerije
67%
Vooral roodAlles behalve BamakoMali
67%
Vooral oranjeAlle grensgebieden, delen van het zuiden en oostenVenezuela
67%
Vooral geelDelen van het westen, oosten, en centraal-ColombiaColombia
66%
Vooral geelAlle grenzen behalve Djibouti, delen van het westen
en zuiden
Ethiopië
65%
Vooral oranjeAlle grensgebieden, delen van het noorden en oostenTsjaad
65%
Vooral geelDe grenzen met Syrië en IrakTurkije
65%
Vooral geelDe grens met JemenSaoedi-Arabië
64%
Volledig roodAllesBelarus
62%
Vooral oranjeAlle grensgebiedenEritrea
62%
Vooral geelVijf vulkanenIndonesië
59%
Vooral geelDe grenzen met Libië en Algerije (deels)Tunesië
59%
Vooral geelHet noorden en oosten, Zuid-Beiroet, acht
vluchtelingenkampen
Libanon
57%
Vooral geelDe grens met AzerbeidzjanArmenië
56%
Volledig roodAllesCentraal-Afrikaanse Republiek
56%
Vooral geelHet oostenKenia
56%
Vooral geelNagorno-Karabach, grenzen met Armenië en RuslandAzerbeidzjan
55%
Vooral geelAbchazië en Zuid-OssetiëGeorgië
55%
Vooral roodHet oosten, grenzen met en Mali en MarokkoMauritanië
55%
Vooral geelGrenzen met Eritrea en SomaliëDjibouti
54%
Vooral geelVallei van de rivieren Apurimac, de Ene en de MantaroPeru
54%
Vooral roodHet noorden, westen en de grens met ThailandMyanmar
52%
Vooral geelGrens met ColombiaEcuador
51%
Vooral roodAlles behalve OuagadougouBurkina Faso
49%
Vooral groenRegio rondom de Fukushima-kernreactorJapan
49%
Vooral groenGrens met Noord-KoreaZuid-Korea
49%
Vooral geelHet noorden, grenzen met Nigeria, Tsjaad en de
Centraal-Afrikaanse Republiek
Kameroen
47%
Vooral geelGrenzen met Burkina Faso en Niger (deels)Benin
46%
Vooral geelGrenzen met DR Congo, Rwanda (deels),
het Kibirawoud
Burundi
46%
Vooral geelHet noord-oostenMozambique
46%
Vooral geelHet noordenIvoorkust
45%
Vooral geelDe eilanden Abu Musa en TunbVerenigde Arabische Emiraten
45%
Volledig roodAllesHaïti
44%
Vooral geelDelen van Mindanao, drie vulkanenFilipijnen
42%
Vooral geelTransnistriëMoldavië
39%
Vooral geelHet midden van BougainvillePapoea-Nieuw-Guinea
34%
Vooral groenGrens met BelarusPolen
27%

Scoreverdeling

Percentiel versus Aantal Correcte Antwoorden

Procent van Mensen met Elke Score

Uw Scoregeschiedenis

U heeft deze quiz nog niet genomen